Somatic cell genetics and molecular genetics of trees (Record no. 41231)

MARC details
000 -LEADER
fixed length control field 00489nam a2200169Ia 4500
082 ## - DEWEY DECIMAL CLASSIFICATION NUMBER
Classification number 575.155:630
Item number AHU
245 #0 - TITLE STATEMENT
Title Somatic cell genetics and molecular genetics of trees
260 ## - PUBLICATION, DISTRIBUTION, ETC. (IMPRINT)
Place of publication London
Name of publisher Kluwer Academic Publishers
Year of publication 1996
490 ## - SERIES STATEMENT
Series statement Forestry Sciences V49
650 ## - SUBJECT ADDED ENTRY--TOPICAL TERM
Topical Term Gene expression
650 ## - SUBJECT ADDED ENTRY--TOPICAL TERM
Topical Term Genome mapping
650 ## - SUBJECT ADDED ENTRY--TOPICAL TERM
Topical Term Molecular markers
650 ## - SUBJECT ADDED ENTRY--TOPICAL TERM
Topical Term Somatic embryogenesis
700 ## - ADDED ENTRY--PERSONAL NAME
Personal name Ahuja, M Raj
942 ## - ADDED ENTRY ELEMENTS (KOHA)
Koha item type Books
Holdings
Withdrawn status Lost status Damaged status Not for loan Home library Current library Date acquired Cost, normal purchase price Full call number Accession Number Koha item type
        RRII Library RRII Library 16/12/2021 200.00 575.155:630 AHU 21522 Books